| 000 | 02119nam0a2200385 4500 | ||
|---|---|---|---|
| 001 | RU\NLR\bibl\322671 | ||
| 005 | 20260407080625.0 | ||
| 021 |
_aRU _b2002-34211 _91679 |
||
| 035 | _a(NLR Aleph) 000317693 | ||
| 090 |
_a77372 _c77372 |
||
| 100 | _a20021016d2002 |||y0rusy50 ca | ||
| 101 | 0 | _arus | |
| 102 | _aRU | ||
| 105 | _ay ||||||||| | ||
| 200 | 1 |
_aКонституционное право Российской Федерации _eУчеб.-метод. документация к изучению курса для студентов специальности "Юриспруденция" всех форм обучения _fМ-во образования Рос. Федерации, Хабар. гос. техн. ун-т _g[Подгот. Р. А. Загидулиным, А. А. Здоровцевой] |
|
| 210 |
_aХабаровск _cИзд-во ХГТУ _d2002 |
||
| 215 |
_a84 с. _d20 |
||
| 320 | _aБиблиогр.: с. 70-74. Библиогр. в конце разд. | ||
| 606 | 0 |
_aГосударственное право _jРуководства, пособия и т.п. _yРоссийская Федерация _92084332 _3RU\NLR\auth\661260416 |
|
| 606 | 0 |
_aГосударственное право _jУчебные издания для высшей школы _yРоссийская Федерация _92084332 _3RU\NLR\auth\661260416 |
|
| 610 | 0 | _aГосударственное право Российской Федерации | |
| 610 | 0 | _aРоссийская Федерация, право | |
| 675 |
_a342(470)(075.8) _v3 _zrus |
||
| 686 |
_a10.15 _2rugasnti |
||
| 686 |
_a67.400я73 _2rubbk |
||
| 686 | _aХ620я73 | ||
| 702 | 1 |
_aЗагидулин _bР. А. _4220 |
|
| 711 | 0 | 2 |
_aХабаровский государственный технический университет _bКафедра государственно-правовых дисциплин _3RU\NLR\AUTH\8810041006 _9581223 |
| 801 | 0 |
_aRU _bRKP _c20021016 _gPSBO |
|
| 801 | 1 |
_aRU _bRKP _c20021016 |
|
| 801 | 2 |
_aRU _bNLR _c20030212 _grcr |
|
| 942 | _cBOOK | ||
| 980 | _aNB | ||